000 00265nam a22001217a 4500
082 _a621.815 FAI'D
100 _aFIRES, V. M
_979394
245 _aDESIGN OF MACHINE ELEMENT
250 _a4TH
260 _aLONDON
_bMACMILLAN
_c1969
300 _a624P
942 _cBK
999 _c584438
_d584438